| 000 | 00453nam a22001817a 4500 | ||
|---|---|---|---|
| 003 | MPLRDC | ||
| 005 | 20220104143023.0 | ||
| 008 | 210129b ||||| |||| 00| 0 eng d | ||
| 020 | _a7-5333-1262-6 | ||
| 082 | _a192.8 ZSH | ||
| 100 | _a张树骅 主编 | ||
| 245 |
_a(国语)智慧名言故事 _c |
||
| 250 | _a一版三刷 | ||
| 260 |
_a中国 _b齐鲁书社 _c2009 |
||
| 300 | _b226 | ||
| 650 | _a格言; 箴言; 金言 | ||
| 942 |
_cBK _o192.8 ZSH |
||
| 999 |
_c35844 _d35834 |
||